logo

Bir Sreshtho Munshi Abdur Rouf Library
Jhenaidah Cadet College

সাম্রাজ্যবাদের নোতুন বিশ্বব্যবস্থা / (Record no. 9746)

MARC details
000 -LEADER
fixed length control field 00744nam a2200229 a 4500
001 - CONTROL NUMBER
JCCL Control Number 97469746
003 - CONTROL NUMBER IDENTIFIER
JCCL marc code BD-JhCC
005 - DATE AND TIME OF LATEST TRANSACTION
control field 20180327093124.0
008 - FIXED-LENGTH DATA ELEMENTS--GENERAL INFORMATION
fixed length control field 180324s1995 bg |||| ||a| 000 0 b d
020 ## - INTERNATIONAL STANDARD BOOK NUMBER
International Standard Book Number 9845600093
035 ## - SYSTEM CONTROL NUMBER
system control number (BD-JhCC)9746
040 ## - CATALOGING SOURCE
Original cataloging agency BD-JhCC
Modifying agency BD-JhCC
041 ## - LANGUAGE CODE
Language code of Book ben
082 ## - DEWEY DECIMAL CLASSIFICATION NUMBER
Classification number 320.531
Author mark and Year UMR 1995
100 ## - MAIN ENTRY--PERSONAL NAME
Personal name উমর, বদরুদ্দীন
245 ## - TITLE STATEMENT
Title সাম্রাজ্যবাদের নোতুন বিশ্বব্যবস্থা /
Statement of responsibility, etc বদরুদ্দীন উমর
260 ## - PUBLICATION, DISTRIBUTION, ETC. (IMPRINT)
Place of publication, distribution, etc ঢাকা:
Name of publisher, distributor, etc জাতীয় গ্রন্থ প্রকাশন;
Date of publication, distribution, etc 1995.
300 ## - PHYSICAL DESCRIPTION
Pagination 118 p. :
Dimensions 21 cm.
651 ## - SUBJECT ADDED ENTRY--GEOGRAPHIC NAME
Geographic name Political science
942 ## - ADDED ENTRY ELEMENTS (KOHA)
Source of classification or shelving scheme Dewey Decimal Classification
Koha item type Books
Holdings
Source of classification or shelving scheme Damaged status Not for loan Home library Current library Shelving location Date of accession Cost, normal purchase price Total Checkouts Full call number Barcode Date last seen Copy number Koha item type
Dewey Decimal Classification     JCC Rouf Library JCC Rouf Library General Stacks 03/24/2018 85.00   320.531 UMR 1995 12351 03/24/2018 C - 1 Books

JCC Library | Contacts | JCC Home

Last Update on 23 September 2017
Copyright @ 2017-2020 JCC Rouf Library
Rouf Library, Jhenidah Cadet College (JCC), Bangladesh